| 000 | 00536nam a2200169 a 4500 | ||
|---|---|---|---|
| 001 | 4237 | ||
| 003 | CDMR | ||
| 005 | 20130320105452.0 | ||
| 008 | 130130s1992||||||||||||||||||||||||||||d | ||
| 020 | _a8439321279 | ||
| 040 |
_aCDMR _bcat _cCPC GIRONA |
||
| 245 | 0 | 0 |
_aComunication, culture and society _b: contributions from Catalonia to contemporary media research _cErnest Abadal...[et al.] |
| 260 |
_c1992 _bGeneralitat de Catalunya _aBarcelona |
||
| 490 | 0 |
_aMonografies i Documents _v4 |
|
| 700 | 1 |
_91541 _aAbadal, Ernest |
|
| 942 |
_cMON _2ddc |
||
| 999 |
_c4237 _d4237 |
||